UEFA Champions League: 50+ Goals (2000-) - Statistics

General Stats
  • This quiz has been taken 39 times
  • The average score is 7 of 7
Answer Stats
Ranking Player Positions Nationality Matches Goals (assists) Periods Clubs % Correct
3 Robert Lewandowski FW 133 105 (21) 2011-2025
100%
1 Cristiano Ronaldo MF, FW 183 140 (45) 2003-2022
97%
4 Karim Benzema FW 152 90 (28) 2005-2023
97%
2 Lionel Messi MF, FW 163 129 (41) 2004-2023
97%
5 Thomas Müller MF, FW 163 57 (28) 2008-2025
97%
6 Kylian Mbappé MF, FW 87 55 (24) 2016-2025
94%
7 Raúl FW 97 50 (19) 2000-2011
89%
No matching quizzes found
Score Distribution
Percent of People with Each Score
Percentile by Number Answered
Your Score History
You have not taken this quiz